01373nam a2200265Ia 4500008004100000020001800041082001700059100002000076245006800096250000800164260002500172300001300197500002400210650001500234700002000249942000700269952010600276952010600382952010600488952013000594952013000724952013000854952010600984999001701090230524s9999 xx 000 0 und d a9788120310131 a658.132bMAR aJohn F.Marshall 0aFinancial Engineering: A Complete Guide to Financial Innovation aIST aNEW DELHIbPHIc2010 aXIII;718 aQuantity Number: 7 aManagement a Vipul K.Bansal cBK 00104070aTATCLbTATCLcGENd2023-05-24l0o658.132 MARp35137r2023-05-24w2023-05-24yBKzMBA305A 00104070aTATCLbTATCLcGENd2023-05-24l0o658.132 MARp35138r2023-05-24w2023-05-24yBKzMBA305A 00104070aTATCLbTATCLcGENd2023-05-24l0o658.132 MARp37746r2023-05-24w2023-05-24yBKzMBA305A 00104070aTATCLbTATCLcGENd2023-05-24l1o658.132 MARp37747q2015-05-14r2024-02-01s2024-02-01w2023-05-24yBKzMBA305A 00104070aTATCLbTATCLcGENd2023-05-24l1o658.132 MARp37748q2015-05-14r2024-02-01s2024-02-01w2023-05-24yBKzMBA305A 00104070aTATCLbTATCLcGENd2023-05-24l1o658.132 MARp37749q2015-05-14r2024-02-01s2024-02-01w2023-05-24yBKzMBA305A 00104070aTATCLbTATCLcGENd2023-05-24l0o658.132 MARp37750r2023-05-24w2023-05-24yBKzMBA305A c45702d45702